000 00652nam a2200205 a 4500
001 000012318
005 20200929162808.0
008 091111s2004 dr r 000 0 spa d
020 _a9993433926
040 _aDO-SdBNP
_bspa
_cBNPHU
082 _aB863.44
_bF383c
100 1 _aFerreira de Ugona, Neide
_928987
245 1 0 _aCuentos de aquí, de allá y del más allá /
_cNeide Ferreira de Ugona.
260 _aSanto Domingo :
_bMediabyte,
_c2004.
300 _a212 p. ;
_c21 cm.
590 _aInventariado, 2020/BT
650 4 _aCuentos brasileños
_924191
650 4 _aLiteratura brasileña
_9823
910 _aValidado. Control de calidad. MMOLINA
999 _c11975
_d11975